000
00240nam a2200097Ia 4500
008
220204s9999 xx 000 0 und d
082
_a
82-36
_b
VID
245
4
_a
The Magic cup and other stories
260
_a
Bombay
_b
Subhash
_c
1980
942
_c
BK
999
_c
37488
_d
37488